Statistics for 50 Richest Countries - One Minute Sprint

Click here to take the quiz!

General Stats

  • This quiz has been taken 109 times
  • The average score is 24 of 50

Answer Stats

GDP/capita Country % Correct
$55,800United States
88%
$68,400Norway
81%
$46,900Germany
81%
$41,200United Kingdom
80%
$41,200France
79%
$45,600Canada
79%
$47,900Sweden
79%
$35,700Italy
77%
$34,800Spain
75%
$41,100Finland
73%
$38,100Japan
72%
$58,600Switzerland
72%
$65,400Australia
70%
$99,000Luxembourg
68%
$78,700Monaco
64%
$55,500Ireland
62%
$85,300Singapore
62%
$45,700Denmark
60%
$49,200Netherlands
57%
$132,100Qatar
57%
$43,600Belgium
54%
$47,300Austria
53%
$27,800Portugal
52%
$46,100Iceland
52%
$89,400Liechtenstein
51%
$36,200New Zealand
51%
$36,500South Korea
51%
$70,200Kuwait
49%
$53,600Saudi Arabia
48%
$67,600United Arab Emirates
48%
$50,100Bahrain
46%
$63,900San Marino
42%
$37,200Andorra
42%
$26,500Poland
37%
$26,400Greece
26%
$44,600Oman
26%
$28,600Estonia
23%
$79,700Brunei
23%
$33,700Israel
22%
$46,800Taiwan
22%
$31,000Slovenia
21%
$35,900Malta
19%
$31,600Czech Republic
19%
$29,700Slovakia
17%
$28,400Lithuania
12%
$26,300Malaysia
12%
$32,800Cyprus
12%
$26,300Seychelles
6%
$32,600Trinidad and Tobago
6%
$31,800Equatorial Guinea
1%

Score Distribution

Percentile by Number Answered

Percent of People with Each Score

Your Score History

You have not taken this quiz